| 000 | 00830nam a2200241 a 4500 | ||
|---|---|---|---|
| 001 | 000023202 | ||
| 005 | 20250430121825.0 | ||
| 008 | 101130s2001 mx a r 000 | spa d | ||
| 020 | _a9686075925 | ||
| 040 |
_aDO-SdBNP _bspa _cBNPHU |
||
| 082 |
_a658..314 _bC317r, 2001 |
||
| 100 | 1 |
_aCarrillo, Jorge _947761 |
|
| 245 | 1 | 0 |
_aRotación de personal en las maquiladoras / _cJorge Carrillo, Jorge Santibáñez Romellón; edición Juan de Dios Barajas Cárdenas. |
| 250 | _a2a ed. | ||
| 260 |
_aTijuana : _bEl Colegio de la Frontera Norte : Plaza y Valdés, _c2001. |
||
| 300 |
_a133 p. ; _c21 cm. |
||
| 440 | 0 |
_aMéxico Norte _932793 |
|
| 500 | _aIncluye bibliografía | ||
| 650 | 4 |
_aCambio de empleo _947762 |
|
| 650 | 0 |
_aAdministración de personal _91581 |
|
| 700 | 1 |
_aBarajas Cárdenas, Juan de Dios _932791 |
|
| 049 | _aBNGR | ||
| 999 |
_c22699 _d22699 |
||